000 00418nam a2200181Ia 4500
008 210210b1827 xxu||||| |||| 00| 0 eng d
041 _aeng
082 _a828/566
100 _aSCOT (W)
245 _aDownfall of Napolean Bonaparte
260 _aLondon
_bBlackie & Son Ltd.
_c1827
650 _aof
650 _aNapolean
650 _aDownfall
650 _aBonaparte
690 _aBiography
906 _a016411
999 _c135939
_d135939